[Event "CZE-chT2B 1213"]
[Site "Czech Republic"]
[Date "2013.02.17"]
[Round "9.3"]
[White "Kopal, Josef"]
[Black "Safarik, Jakub"]
[Result "0-1"]
[WhiteElo "2229"]
[BlackElo "2052"]
[PlyCount "69"]
[EventDate "2012.10.14"]
[EventType "team-tourn"]
[EventRounds "11"]
[EventCountry "CZE"]
[SourceTitle "EXT 2015"]
[Source "ChessBase"]
[SourceDate "2014.11.20"]
[SourceVersion "1"]
[SourceVersionDate "2014.11.20"]
[SourceQuality "1"]
[WhiteTeam "Turnov Zikuda II"]
[BlackTeam "Horice"]
[WhiteTeamCountry "CZE"]
[BlackTeamCountry "CZE"]

1. e4 e6 2. d4 d5 3. e5 Qd7 4. Nf3 b6 5. c3 a5 6. b3 Ba6 7. Bxa6 Nxa6 8. Ba3 c5 9. 0-0 Nh6 10. c4 Nb4 11. Nc3 Rd8 12. Qe2 Nf5 13. Rad1 cxd4 14. Nxd4 Nxd4 15. Rxd4 Bc5 16. Rd2 0-0 17. Rfd1 Qe7 18. cxd5 Nxd5 19. Nxd5 Rxd5 20. Rxd5 exd5 21. Bxc5 Qxc5 22. Qd2 Rd8 23. Rc1 Qa3 24. h4 d4 25. Rc4 d3 26. Rc3 Qb4 27. Qg5 Qd4 28. Rc4 Qd7 29. Qd2 h6 30. a4 Qd5 31. f4 b5 32. axb5 Qxb5 33. Rc3 Qb4 34. g3 Qxc3 35. Qxc3 0-1

[Event "CZE-chT2B 1213"]
[Site "Czech Republic"]
[Date "2013.01.20"]
[Round "7.3"]
[White "Kopal, Josef"]
[Black "Jurasek, Miroslav"]
[Result "1-0"]
[WhiteElo "2229"]
[BlackElo "2306"]
[PlyCount "53"]
[EventDate "2012.10.14"]
[EventType "team-tourn"]
[EventRounds "11"]
[EventCountry "CZE"]
[SourceTitle "EXT 2015"]
[Source "ChessBase"]
[SourceDate "2014.11.20"]
[SourceVersion "1"]
[SourceVersionDate "2014.11.20"]
[SourceQuality "1"]
[WhiteTeam "Turnov Zikuda II"]
[BlackTeam "Lysa nad Labem III"]
[WhiteTeamCountry "CZE"]
[BlackTeamCountry "CZE"]

1. e4 e5 2. f4 Bc5 3. Nf3 d6 4. Nc3 Nc6 5. Bb5 Nf6 6. d3 0-0 7. Bxc6 bxc6 8. fxe5 dxe5 9. Na4 Bb6 10. Nxb6 axb6 11. Nxe5 Qe7 12. Nf3 Rd8 13. 0-0 Bg4 14. h3 Bh5 15. Qe1 Ra5 16. Bd2 Raa8 17. Bc3 Nd7 18. Qg3 f6 19. Qxc7 Qc5+ 20. Kh1 Nf8 21. a3 Ne6 22. Qg3 Kh8 23. Rae1 Rg8 24. Qf2 Qb5 25. Nh4 Raf8 26. Nf5 c5 27. Ne7 1-0

[Event "CZE-chT2B 1213"]
[Site "Czech Republic"]
[Date "2012.11.18"]
[Round "3.3"]
[White "Kopal, Josef"]
[Black "Bauma, Jiri"]
[Result "1-0"]
[WhiteElo "2229"]
[BlackElo "2189"]
[PlyCount "53"]
[EventDate "2012.10.14"]
[EventType "team-tourn"]
[EventRounds "11"]
[EventCountry "CZE"]
[SourceTitle "EXT 2015"]
[Source "ChessBase"]
[SourceDate "2014.11.20"]
[SourceVersion "1"]
[SourceVersionDate "2014.11.20"]
[SourceQuality "1"]
[WhiteTeam "Turnov Zikuda II"]
[BlackTeam "Praha Dukla"]
[WhiteTeamCountry "CZE"]
[BlackTeamCountry "CZE"]

1. e4 c5 2. Ne2 e5 3. c3 Nf6 4. d3 d5 5. Qc2 Nc6 6. g3 dxe4 7. dxe4 h5 8. h3 Be6 9. Bg5 Qc7 10. Bg2 Nd7 11. 0-0 f6 12. Be3 g5 13. b4 cxb4 14. cxb4 Rc8 15. a3 h4 16. g4 a5 17. Nbc3 Nxb4 18. Qd1 Na6 19. Nd5 Qb8 20. Qa4 Bc5 21. Nxf6+ Ke7 22. Nd5+ Kf7 23. Bxg5 Rcg8 24. Be3 Nf6 25. Nxf6 Kxf6 26. Nc3 Bxe3 27. fxe3+ 1-0

[Event "CZE-chT2C 1112"]
[Site "Czech Republic"]
[Date "2012.04.22"]
[Round "11.2"]
[White "Safarik, Jakub"]
[Black "Kopal, Josef"]
[Result "0-1"]
[WhiteElo "2093"]
[BlackElo "2240"]
[PlyCount "94"]
[EventDate "2011.10.09"]
[EventType "team-tourn"]
[EventRounds "11"]
[EventCountry "CZE"]
[SourceTitle "EXT 2013"]
[Source "ChessBase"]
[SourceDate "2012.11.22"]
[SourceVersion "1"]
[SourceVersionDate "2012.11.22"]
[SourceQuality "1"]
[WhiteTeam "Horice"]
[BlackTeam "Turnov Zikuda II"]
[WhiteTeamCountry "CZE"]
[BlackTeamCountry "CZE"]

1. d4 d5 2. c4 c6 3. Nc3 Nf6 4. Nf3 e6 5. e3 Nbd7 6. Qc2 Bd6 7. g4 Bb4 8. Bd2 Nxg4 9. Rg1 h5 10. h3 Qf6 11. hxg4 Qxf3 12. Be2 Qf6 13. gxh5 dxc4 14. Ne4 Bxd2+ 15. Qxd2 Qe7 16. Rxg7 Nf6 17. Nxf6+ Qxf6 18. Rg2 b5 19. Qb4 Qe7 20. Qc3 Qf6 21. Qb4 Qe7 22. Qc3 Bb7 23. a4 a6 24. b3 0-0-0 25. Rg3 c5 26. axb5 axb5 27. Qa5 cxd4 28. Qxb5 d3 29. Qxc4+ Kb8 30. Bxd3 Rxh5 31. Qa4 Qc5 32. Qc4 Qd6 33. Qd4 Rh1+ 34. Bf1 Qxd4 35. exd4 Rxd4 36. Ke2 Rd6 37. Ke3 Rb6 38. Kf4 f6 39. Rg8+ Kc7 40. Rc1+ Kd6 41. Rd1+ Bd5 42. Be2 Rb4+ 43. Ke3 Rxb3+ 44. Rd3 Rb2 45. Rd2 Rb4 46. Rg3 Ke5 47. f4+ Rxf4 0-1

[Event "CZE-chT2C 1112"]
[Site "Czech Republic"]
[Date "2012.02.19"]
[Round "8.4"]
[White "Kopal, Josef"]
[Black "Keller, Daniel"]
[Result "0-1"]
[WhiteElo "2240"]
[BlackElo "2142"]
[PlyCount "126"]
[EventDate "2011.10.09"]
[EventType "team-tourn"]
[EventRounds "11"]
[EventCountry "CZE"]
[SourceTitle "EXT 2013"]
[Source "ChessBase"]
[SourceDate "2012.11.22"]
[SourceVersion "1"]
[SourceVersionDate "2012.11.22"]
[SourceQuality "1"]
[WhiteTeam "Turnov Zikuda II"]
[BlackTeam "Kutna Hora"]
[WhiteTeamCountry "CZE"]
[BlackTeamCountry "CZE"]

1. e4 c5 2. Nc3 Nc6 3. g3 g6 4. Bg2 Bg7 5. d3 Nf6 6. Nh3 d6 7. 0-0 0-0 8. f4 Bg4 9. Qd2 Qc8 10. Nf2 Nd4 11. Nxg4 Qxg4 12. Rf2 Rab8 13. Nd1 Qd7 14. c3 Nc6 15. Ne3 b5 16. h3 a5 17. g4 b4 18. Qc2 Ne8 19. f5 Nc7 20. Nd5 Nxd5 21. exd5 Ne5 22. c4 a4 23. Qe2 a3 24. Qc2 axb2 25. Bxb2 Ra8 26. Kh1 Ra6 27. Re2 Rfa8 28. d4 cxd4 29. Bxd4 Ra3 30. c5 b3 31. c6 bxc2 32. cxd7 Nxd7 33. Bxg7 Rxa2 34. Rxc2 Rxa1+ 35. Bxa1 Rxa1+ 36. Kh2 gxf5 37. Rc7 Ne5 38. Rxe7 f4 39. Re8+ Kg7 40. Rd8 f3 41. Bxf3 Nxf3+ 42. Kg2 Ne1+ 43. Kf2 Nd3+ 44. Kg3 Ra6 45. Kh4 Nf4 46. Kg3 Nxd5 47. Kh4 Nf4 48. Kg3 Ne6 49. Rd7 Ra3+ 50. Kf2 Rd3 51. h4 h6 52. Ke2 Rg3 53. g5 hxg5 54. hxg5 d5 55. Kf2 Rxg5 56. Kf3 Kf6 57. Ke3 Rf5 58. Ke2 Ke5 59. Ke3 d4+ 60. Ke2 Ke4 61. Rd6 d3+ 62. Kd2 Rf2+ 63. Ke1 Ra2 0-1

[Event "Liberec Metalmex op"]
[Site "Liberec"]
[Date "2011.08.19"]
[Round "7"]
[White "Kopal, Josef"]
[Black "Kovar, Jindrich"]
[Result "0-1"]
[WhiteElo "2253"]
[BlackElo "1867"]
[PlyCount "164"]
[EventDate "2011.08.13"]
[EventType "swiss"]
[EventRounds "9"]
[EventCountry "CZE"]
[SourceTitle "CBM 143 Extra"]
[Source "ChessBase"]
[SourceDate "2011.08.29"]
[SourceVersion "1"]
[SourceVersionDate "2011.08.29"]
[SourceQuality "1"]

1. e4 e5 2. f4 exf4 3. Bc4 Qe7 4. Qe2 d6 5. d4 Nc6 6. Bb5 Bd7 7. Nf3 g5 8. d5 Ne5 9. Nc3 Bg7 10. Nd4 Nh6 11. h4 a6 12. Bxd7+ Nxd7 13. Nf3 g4 14. Ng5 Bxc3+ 15. bxc3 Qe5 16. Bb2 Nc5 17. 0-0-0 f6 18. Ne6 Nxe6 19. dxe6 Qxe6 20. Rhf1 0-0-0 21. Rxf4 Rhf8 22. c4 Rde8 23. Kb1 Rf7 24. Rdf1 f5 25. c5 fxe4 26. Rf6 Qd5 27. Rd1 Qxc5 28. Rxh6 Rf2 29. Qxg4+ Kb8 30. Rc1 e3 31. Re6 Rxe6 32. Qxe6 Rxg2 33. Qe8+ Ka7 34. Qe4 Rd2 35. Re1 e2 36. Kc1 d5 37. Bd4 Rxd4 38. Qf3 Rxh4 39. Rxe2 Qd4 40. c3 Qc4 41. Qf2+ b6 42. Kb2 Rf4 43. Qg2 h5 44. Rd2 Rf5 45. Rd4 Qb5+ 46. Kc2 a5 47. Qh2 Qc6 48. Qg2 Qe6 49. Kb2 Re5 50. Qg7 Re2+ 51. Kb3 Qc6 52. a4 Re3 53. Rf4 Re4 54. Rf2 Qxa4+ 55. Kb2 Qb5+ 56. Kc1 Qc6 57. Kd2 Qc5 58. Rf7 Kb7 59. Rd7 Rg4 60. Qe5 Rg2+ 61. Kd1 Qg1+ 62. Qe1 Qxe1+ 63. Kxe1 Kc6 64. Rh7 Rh2 65. Kd1 h4 66. Kc1 h3 67. Kb1 b5 68. Kc1 b4 69. cxb4 axb4 70. Kb1 Kb6 71. Rd7 c6 72. Rh7 Kb5 73. Kc1 Kc4 74. Rf7 b3 75. Rf3 d4 76. Kb1 c5 77. Kc1 d3 78. Rf1 Kc3 79. Kb1 Rb2+ 80. Ka1 Rc2 81. Kb1 b2 82. Ka2 Rc1 0-1

[Event "Liberec Metalmex op"]
[Site "Liberec"]
[Date "2011.08.18"]
[Round "6"]
[White "Karlik, Vladimir"]
[Black "Kopal, Josef"]
[Result "1-0"]
[WhiteElo "2268"]
[BlackElo "2253"]
[PlyCount "81"]
[EventDate "2011.08.13"]
[EventType "swiss"]
[EventRounds "9"]
[EventCountry "CZE"]
[SourceTitle "CBM 143 Extra"]
[Source "ChessBase"]
[SourceDate "2011.08.29"]
[SourceVersion "1"]
[SourceVersionDate "2011.08.29"]
[SourceQuality "1"]

1. d4 d5 2. Bf4 Nf6 3. e3 c5 4. c3 Nc6 5. Nd2 Bf5 6. Qb3 Qd7 7. Ngf3 c4 8. Qd1 e6 9. Be2 Be7 10. Nh4 0-0 11. Nxf5 exf5 12. 0-0 Bd6 13. Qc2 g6 14. b3 b5 15. bxc4 bxc4 16. Rab1 Bxf4 17. exf4 Qc7 18. g3 Qa5 19. Bf3 Rab8 20. Nxc4 Qc7 21. Ne3 Rbd8 22. Rb5 Ne4 23. Bxe4 dxe4 24. Rc5 Qd7 25. Qa4 Ne5 26. Qxd7 Nf3+ 27. Kg2 Rxd7 28. Rb1 Rfd8 29. d5 f6 30. c4 Nd2 31. Rb2 Nf3 32. Rb1 Nd2 33. Rd1 Nf3 34. Rb5 Rd6 35. c5 Ra6 36. c6 Rc8 37. Rc5 Rxa2 38. d6 Rb8 39. c7 Rbb2 40. c8Q+ Kg7 41. Rc7+ 1-0

[Event "Liberec Metalmex op"]
[Site "Liberec"]
[Date "2011.08.16"]
[Round "4"]
[White "Snorek, Milan"]
[Black "Kopal, Josef"]
[Result "1/2-1/2"]
[WhiteElo "2118"]
[BlackElo "2253"]
[PlyCount "81"]
[EventDate "2011.08.13"]
[EventType "swiss"]
[EventRounds "9"]
[EventCountry "CZE"]
[SourceTitle "CBM 143 Extra"]
[Source "ChessBase"]
[SourceDate "2011.08.29"]
[SourceVersion "1"]
[SourceVersionDate "2011.08.29"]
[SourceQuality "1"]

1. d4 d5 2. Nf3 Nc6 3. Bf4 Bg4 4. e3 Nf6 5. c4 e6 6. Nc3 Be7 7. h3 Bh5 8. Be2 0-0 9. 0-0 a6 10. cxd5 exd5 11. Rc1 Na5 12. g4 Bg6 13. Ne5 c6 14. a3 Nd7 15. Nxg6 hxg6 16. Nxd5 cxd5 17. Bc7 Qe8 18. Bxa5 Bd6 19. Bc7 Qe7 20. Bxd6 Qxd6 21. Bf3 Rfc8 22. Qb3 Nb6 23. Qb4 Qe6 24. Bg2 Rc6 25. Rc5 Rac8 26. Rfc1 R8c7 27. b3 Qc8 28. Rxc6 Rxc6 29. Rxc6 Qxc6 30. Qc5 Nd7 31. Qxd5 Qc1+ 32. Kh2 Qc7+ 33. f4 Nf6 34. Qxb7 Qc3 35. Qe7 Qxb3 36. d5 Kh7 37. g5 Nh5 38. Qc5 Qb2 39. d6 Qd2 40. a4 Qe1 41. e4 1/2-1/2

[Event "CZE-chT2C 1011"]
[Site "Czech Republic"]
[Date "2011.04.10"]
[Round "11.1"]
[White "Kopal, Josef"]
[Black "Londyn, Radek"]
[Result "1/2-1/2"]
[WhiteElo "2250"]
[BlackElo "2350"]
[PlyCount "29"]
[EventDate "2010.10.17"]
[EventType "team-tourn"]
[EventRounds "11"]
[EventCountry "CZE"]
[SourceTitle "EXT 2012"]
[Source "ChessBase"]
[SourceDate "2011.11.24"]
[SourceVersion "1"]
[SourceVersionDate "2011.11.24"]
[SourceQuality "1"]
[WhiteTeam "Turnov Zikuda II"]
[BlackTeam "Lysa nad Labem II"]
[WhiteTeamCountry "CZE"]
[BlackTeamCountry "CZE"]

1. e4 c5 2. c4 Nc6 3. Nc3 e6 4. g3 Nd4 5. Bg2 Ne7 6. Nge2 Nec6 7. 0-0 b6 8. d3 Bb7 9. a3 Be7 10. Rb1 0-0 11. Bd2 Ne5 12. Be3 Nxe2+ 13. Qxe2 Nc6 14. Qd2 Qb8 15. Ne2 1/2-1/2

[Event "CZE-chT 1011"]
[Site "Czech Republic"]
[Date "2011.03.06"]
[Round "9.8"]
[White "Kociscak, Jiri"]
[Black "Kopal, Josef"]
[Result "1-0"]
[WhiteElo "2285"]
[BlackElo "2250"]
[PlyCount "95"]
[EventDate "2010.11.05"]
[EventType "team-tourn"]
[EventRounds "11"]
[EventCountry "CZE"]
[SourceTitle "EXT 2012"]
[Source "ChessBase"]
[SourceDate "2011.11.24"]
[SourceVersion "1"]
[SourceVersionDate "2011.11.24"]
[SourceQuality "1"]
[WhiteTeam "Ostrava"]
[BlackTeam "Turnov Zikuda"]
[WhiteTeamCountry "CZE"]
[BlackTeamCountry "CZE"]

1. e4 Nf6 2. e5 Nd5 3. d4 d6 4. c4 Nb6 5. exd6 cxd6 6. h3 g6 7. Nf3 Bg7 8. Be2 0-0 9. 0-0 Nc6 10. d5 Na5 11. Na3 Qc7 12. Bd2 Bxb2 13. Nb5 Qc5 14. Be3 Qb4 15. Bxb6 axb6 16. Rb1 Nxc4 17. Bxc4 Qxc4 18. Rxb2 Rxa2 19. Rxa2 Qxa2 20. Qd4 Qa5 21. Nc3 Bf5 22. Re1 Re8 23. Re3 b5 24. Qh4 b4 25. Ng5 h5 26. Nce4 Qa1+ 27. Kh2 Rc8 28. Ng3 Qf6 29. Nxf5 Qxf5 30. Nf3 Qxd5 31. Qxb4 Rc7 32. Qf4 Kg7 33. Qh4 e5 34. Qd8 Qc6 35. Nh4 Qd7 36. Qg5 Rc5 37. Rf3 e4 38. Qf6+ Kh7 39. Qxf7+ Qxf7 40. Rxf7+ Kh6 41. Rf6 Rg5 42. Rxd6 b5 43. Re6 b4 44. Rb6 Rc5 45. Nxg6 Rc2 46. Ne7+ Kg5 47. g3 h4 48. Rg6+ 1-0

[Event "CZE-chT2C 1011"]
[Site "Czech Republic"]
[Date "2011.01.09"]
[Round "5.2"]
[White "Mudra, Pavel"]
[Black "Kopal, Josef"]
[Result "0-1"]
[WhiteElo "2160"]
[BlackElo "2250"]
[PlyCount "50"]
[EventDate "2010.10.17"]
[EventType "team-tourn"]
[EventRounds "11"]
[EventCountry "CZE"]
[SourceTitle "EXT 2012"]
[Source "ChessBase"]
[SourceDate "2011.11.24"]
[SourceVersion "1"]
[SourceVersionDate "2011.11.24"]
[SourceQuality "1"]
[WhiteTeam "Bakov nad Jizerou"]
[BlackTeam "Turnov Zikuda II"]
[WhiteTeamCountry "CZE"]
[BlackTeamCountry "CZE"]

1. d4 d5 2. e3 Nc6 3. c4 e5 4. dxe5 d4 5. a3 a5 6. f4 Bc5 7. e4 Qe7 8. Bd3 f6 9. exf6 Nxf6 10. Nd2 g5 11. Ne2 Ng4 12. Nf3 gxf4 13. Bxf4 Ne3 14. Bxe3 dxe3 15. 0-0 Bg4 16. b4 Bxf3 17. Rxf3 Bd6 18. e5 Bxe5 19. Rb1 axb4 20. axb4 0-0-0 21. Rb3 Rhf8 22. Qe1 Rxf3 23. gxf3 Qf7 24. Ra3 Qxf3 25. Ng3 e2 0-1

[Event "CZE-chT 1011"]
[Site "Czech Republic"]
[Date "2010.12.05"]
[Round "4.8"]
[White "Jasny, Stanislav"]
[Black "Kopal, Josef"]
[Result "1-0"]
[WhiteElo "2351"]
[BlackElo "2250"]
[PlyCount "84"]
[EventDate "2010.11.05"]
[EventType "team-tourn"]
[EventRounds "11"]
[EventCountry "CZE"]
[SourceTitle "CBM 139 Extra"]
[Source "ChessBase"]
[SourceDate "2011.01.05"]
[SourceVersion "1"]
[SourceVersionDate "2011.01.05"]
[SourceQuality "1"]
[WhiteTeam "Frydek Mistek"]
[BlackTeam "Turnov Zikuda"]
[WhiteTeamCountry "CZE"]
[BlackTeamCountry "CZE"]

1. e4 Nf6 2. e5 Nd5 3. d4 d6 4. c4 Nb6 5. exd6 exd6 6. h3 Be7 7. Nf3 Bf5 8. Nc3 0-0 9. Be2 Bg6 10. 0-0 Re8 11. b3 Bf6 12. Be3 Nc6 13. Rc1 d5 14. c5 Nc8 15. Qd2 N8e7 16. g4 h6 17. Rfd1 Qd7 18. Nh2 Qe6 19. Bf1 Rad8 20. Ne2 Be4 21. Nf4 Qd7 22. Nh5 Qe6 23. b4 a6 24. a4 Bh4 25. b5 axb5 26. axb5 Nb8 27. Ra1 Nc8 28. Bf4 Qe7 29. Ra8 g6 30. Rxb8 gxh5 31. Bxh6 b6 32. Bf4 bxc5 33. dxc5 Qxc5 34. Rc1 Qa3 35. Rxc7 Nd6 36. Rxd8 Rxd8 37. Bg5 Nxb5 38. Bxh4 Nxc7 39. Qg5+ Kh7 40. Qxh5+ Kg7 41. Qg5+ Kh7 42. Qxd8 Ne6 1-0

[Event "Oberliga Nord O 0910"]
[Site "Germany"]
[Date "2010.03.21"]
[Round "8.1"]
[White "Ribic, Kasmir"]
[Black "Kopal, Josef"]
[Result "1/2-1/2"]
[WhiteElo "2295"]
[BlackElo "2273"]
[PlyCount "79"]
[EventDate "2009.10.18"]
[EventType "team-tourn"]
[EventRounds "9"]
[EventCountry "GER"]
[SourceTitle "EXT 2011"]
[Source "ChessBase"]
[SourceDate "2010.11.26"]
[SourceVersion "1"]
[SourceVersionDate "2010.11.26"]
[SourceQuality "1"]
[WhiteTeam "Zehlendorf"]
[BlackTeam "Lichtenberg"]
[WhiteTeamCountry "GER"]
[BlackTeamCountry "GER"]

1. d4 d5 2. Nf3 Nf6 3. g3 c6 4. Bg2 Bg4 5. 0-0 Nbd7 6. c4 e6 7. Qb3 Qb6 8. Nc3 Be7 9. Bf4 0-0 10. Rfe1 Bf5 11. c5 Qxb3 12. axb3 a6 13. b4 h6 14. Nd2 Rfd8 15. Nb3 g5 16. Bd2 Rdc8 17. f3 e5 18. Be3 Re8 19. Bf2 e4 20. g4 Bg6 21. Na5 b6 22. Nb3 Rec8 23. Ra3 e3 24. Bxe3 Bc2 25. Bf2 a5 26. bxa5 Bxb3 27. Rxb3 bxc5 28. dxc5 Rxa5 29. Rb7 Bxc5 30. Bxc5 Rxc5 31. Bf1 d4 32. Na4 Rc2 33. Rd1 c5 34. b4 Rd8 35. Nxc5 Nxc5 36. bxc5 Rxc5 37. e3 Rc3 38. Rxd4 Rxd4 39. exd4 Rxf3 40. h3 1/2-1/2

[Event "Oberliga Nord O 0910"]
[Site "Germany"]
[Date "2010.02.07"]
[Round "6.1"]
[White "Kopal, Josef"]
[Black "Teschke, Olaf"]
[Result "0-1"]
[WhiteElo "2273"]
[BlackElo "2285"]
[PlyCount "63"]
[EventDate "2009.10.18"]
[EventType "team-tourn"]
[EventRounds "9"]
[EventCountry "GER"]
[SourceTitle "EXT 2011"]
[Source "ChessBase"]
[SourceDate "2010.11.26"]
[SourceVersion "1"]
[SourceVersionDate "2010.11.26"]
[SourceQuality "1"]
[WhiteTeam "Lichtenberg"]
[BlackTeam "Greifswald"]
[WhiteTeamCountry "GER"]
[BlackTeamCountry "GER"]

1. e4 e5 2. Nf3 Nc6 3. Bb5 a6 4. Bxc6 dxc6 5. 0-0 Qf6 6. d4 exd4 7. Qxd4 Qxd4 8. Nxd4 c5 9. Nb3 Bd7 10. Be3 b6 11. Nc3 Ne7 12. Rfd1 0-0-0 13. a4 a5 14. Nb5 Ng6 15. Nc1 Be7 16. Ne2 f5 17. Nbc3 Bf6 18. exf5 Bxf5 19. Rxd8+ Rxd8 20. Rc1 Ne7 21. f3 Nc6 22. Ng3 Bxc3 23. bxc3 Bg6 24. Bf4 Rf8 25. Ne2 Bf7 26. Kf2 Bc4 27. Bg3 g5 28. Rd1 Rf5 29. Ng1 Ne7 30. Re1 Nd5 31. Be5 c6 32. Nh3 0-1

[Event "CZE-chT2C 0910"]
[Site "Czech Republic"]
[Date "2010.01.31"]
[Round "6.2"]
[White "Bednar, Marcel"]
[Black "Kopal, Josef"]
[Result "1/2-1/2"]
[WhiteElo "2159"]
[BlackElo "2273"]
[PlyCount "91"]
[EventDate "2009.10.18"]
[EventType "team-tourn"]
[EventRounds "11"]
[EventCountry "CZE"]
[SourceTitle "EXT 2011"]
[Source "ChessBase"]
[SourceDate "2010.11.26"]
[SourceVersion "1"]
[SourceVersionDate "2010.11.26"]
[SourceQuality "1"]
[WhiteTeam "Liberec"]
[BlackTeam "Turnov Zikuda II"]
[WhiteTeamCountry "CZE"]
[BlackTeamCountry "CZE"]

1. d4 d5 2. c4 c6 3. Nc3 Nf6 4. Nf3 e6 5. Bg5 dxc4 6. e4 b5 7. e5 h6 8. Bh4 g5 9. Nxg5 hxg5 10. Bxg5 Nbd7 11. exf6 Bb7 12. g3 Qb6 13. Bg2 0-0-0 14. 0-0 c5 15. d5 b4 16. Na4 Qb5 17. a3 exd5 18. axb4 cxb4 19. Be3 Nc5 20. Qg4+ Rd7 21. Qg7 Bxg7 22. fxg7 Rg8 23. Nxc5 Rxg7 24. Bh3 f5 25. Bxf5 a5 26. Nxd7 Rxd7 27. Bd4 Bc6 28. Rfe1 Kb7 29. Bxd7 Bxd7 30. Re7 a4 31. h4 c3 32. h5 cxb2 33. Bxb2 a3 34. Bxa3 bxa3 35. Rxa3 Kb6 36. h6 Bh3 37. Ra1 Qb2 38. Ree1 Bf5 39. Rad1 Kc5 40. Re8 Qf6 41. Ra8 d4 42. Ra5+ Kb4 43. Rxf5 Qxf5 44. Rxd4+ Kc5 45. Rh4 Qh7 46. Kh2 1/2-1/2

[Event "CZE-chT2C 0910"]
[Site "Czech Republic"]
[Date "2009.11.08"]
[Round "2.2"]
[White "Stastny, Jan"]
[Black "Kopal, Josef"]
[Result "1/2-1/2"]
[WhiteElo "2223"]
[BlackElo "2273"]
[PlyCount "67"]
[EventDate "2009.10.18"]
[EventType "team-tourn"]
[EventRounds "11"]
[EventCountry "CZE"]
[SourceTitle "EXT 2011"]
[Source "ChessBase"]
[SourceDate "2010.11.26"]
[SourceVersion "1"]
[SourceVersionDate "2010.11.26"]
[SourceQuality "1"]
[WhiteTeam "Ricany"]
[BlackTeam "Turnov Zikuda II"]
[WhiteTeamCountry "CZE"]
[BlackTeamCountry "CZE"]

1. e4 Nf6 2. e5 Nd5 3. Nc3 c6 4. Nxd5 cxd5 5. d4 e6 6. f4 b6 7. Nf3 Be7 8. Bd3 Ba6 9. Bxa6 Nxa6 10. 0-0 g6 11. b3 b5 12. a3 Qb6 13. Qe2 0-0 14. Kh1 Nb8 15. Be3 Nc6 16. Qf2 Qb7 17. f5 exf5 18. Bh6 Nd8 19. Bxf8 Bxf8 20. Qd2 Ne6 21. Rfc1 Rc8 22. c3 h5 23. a4 a6 24. axb5 axb5 25. b4 Rc4 26. Ne1 Kh7 27. Qa2 Bh6 28. Rc2 Qc6 29. Qb3 Be3 30. Raa2 Nf4 31. Ra7 Ne6 32. Raa2 Nf4 33. Ra7 Ne6 34. Raa2 1/2-1/2

[Event "CZE-chT2C 0809"]
[Site "Czech Republic"]
[Date "2009.04.05"]
[Round "11.2"]
[White "Kopal, Josef"]
[Black "Chalupa, Ivan"]
[Result "1-0"]
[WhiteElo "2273"]
[BlackElo "2170"]
[PlyCount "85"]
[EventDate "2008.10.12"]
[EventType "team-tourn"]
[EventRounds "11"]
[EventCountry "CZE"]
[SourceTitle "EXT 2010"]
[Source "ChessBase"]
[SourceDate "2010.11.25"]
[SourceVersion "1"]
[SourceVersionDate "2010.11.25"]
[SourceQuality "1"]
[WhiteTeam "Turnov Zikuda II"]
[BlackTeam "Vysehrad III"]
[WhiteTeamCountry "CZE"]
[BlackTeamCountry "CZE"]

1. e4 e5 2. Nf3 Nc6 3. Bb5 Bc5 4. 0-0 Nd4 5. Nxe5 Nxb5 6. Nxf7 Kxf7 7. Qh5+ g6 8. Qxc5 c6 9. c4 d6 10. Qe3 Nc7 11. d4 Nf6 12. f3 Re8 13. Nc3 Kg8 14. b3 d5 15. Qd3 Ne6 16. cxd5 cxd5 17. e5 Nh5 18. f4 Nc7 19. h3 Ng7 20. g4 Rf8 21. Be3 Be6 22. Rf3 Qd7 23. Rg3 Kh8 24. Rf1 Rf7 25. Bc1 a6 26. a4 Rc8 27. Ba3 Na8 28. Bd6 Ne8 29. Bb4 Nac7 30. Nd1 Ng7 31. Ne3 b6 32. Rgf3 a5 33. Ba3 Qe8 34. f5 Bd7 35. Bd6 gxf5 36. gxf5 Bc6 37. e6 Ncxe6 38. fxe6 Rxf3 39. Rxf3 Qxe6 40. Be5 Qg6+ 41. Qxg6 hxg6 42. Rf7 Rg8 43. Rc7 1-0

[Event "CZE-chT1W 0809"]
[Site "Czech Republic"]
[Date "2009.02.15"]
[Round "8.6"]
[White "Kopal, Josef"]
[Black "Nemec, Pavel"]
[Result "0-1"]
[WhiteElo "2273"]
[BlackElo "2234"]
[PlyCount "152"]
[EventDate "2008.10.19"]
[EventType "team-tourn"]
[EventRounds "11"]
[EventCountry "CZE"]
[SourceTitle "EXT 2010"]
[Source "ChessBase"]
[SourceDate "2010.11.25"]
[SourceVersion "1"]
[SourceVersionDate "2010.11.25"]
[SourceQuality "1"]
[WhiteTeam "Hradec Kralove"]
[BlackTeam "Chrudim"]
[WhiteTeamCountry "CZE"]
[BlackTeamCountry "CZE"]

1. e4 c5 2. c4 Nc6 3. Nc3 d6 4. g3 g6 5. Bg2 Bg7 6. Nge2 h5 7. h3 e5 8. d3 Be6 9. 0-0 Qd7 10. Kh2 0-0-0 11. Nd5 Rf8 12. Rb1 h4 13. g4 f5 14. f3 Nf6 15. Nxf6 Bxf6 16. Be3 Be7 17. Qd2 Bd8 18. a3 Ba5 19. b4 cxb4 20. axb4 Bb6 21. d4 exd4 22. Nxd4 fxg4 23. fxg4 Rxf1 24. Rxf1 Bxc4 25. Rc1 Ne5 26. Qe2 Qf7 27. Nf3 Bxe3 28. Qxe3 Kb8 29. Ng5 Qf6 30. Kh1 Rc8 31. Rd1 Rc6 32. Nh7 Qe7 33. Qh6 Be2 34. Rg1 Rc2 35. Ng5 Rc7 36. Qh8+ Rc8 37. Qxh4 Re8 38. Qh6 a6 39. Re1 Bc4 40. Nf3 Nxf3 41. Bxf3 Qf6 42. Qe3 g5 43. Bg2 Qe5 44. Rc1 Bd5 45. Rd1 Bxe4 46. Qxe4 Qxe4 47. Bxe4 Rxe4 48. b5 Kc7 49. bxa6 bxa6 50. Ra1 Kb6 51. Rd1 Kc5 52. Ra1 d5 53. Rxa6 d4 54. Kg2 d3 55. Ra5+ Kd4 56. Kf2 d2 57. Ra4+ Kd3 58. Rxe4 d1Q 59. Re3+ Kd4 60. Re8 Qc2+ 61. Re2 Qd3 62. Ra2 Qxh3 63. Ra4+ Kc5 64. Re4 Kd5 65. Ra4 Qc3 66. Ra8 Ke5 67. Ke2 Qc2+ 68. Kf1 Kf4 69. Rf8+ Kxg4 70. Rf2 Qe4 71. Kg1 Qe1+ 72. Kg2 Kh4 73. Rf8 Qe4+ 74. Kg1 Kg3 75. Kf1 Qc4+ 76. Ke1 Qb4+ 0-1

[Event "CZE-chT2C 0809"]
[Site "Czech Republic"]
[Date "2009.01.25"]
[Round "7.2"]
[White "Kopal, Josef"]
[Black "Brezmen, Pavel"]
[Result "1-0"]
[WhiteElo "2273"]
[BlackElo "2131"]
[PlyCount "79"]
[EventDate "2008.10.12"]
[EventType "team-tourn"]
[EventRounds "11"]
[EventCountry "CZE"]
[SourceTitle "EXT 2010"]
[Source "ChessBase"]
[SourceDate "2010.11.25"]
[SourceVersion "1"]
[SourceVersionDate "2010.11.25"]
[SourceQuality "1"]
[WhiteTeam "Turnov Zikuda II"]
[BlackTeam "Kolin"]
[WhiteTeamCountry "CZE"]
[BlackTeamCountry "CZE"]

1. e4 c6 2. Nc3 d5 3. Nf3 Bg4 4. h3 Bxf3 5. Qxf3 e6 6. g3 Nd7 7. Bg2 Ngf6 8. d3 Be7 9. 0-0 0-0 10. Kh2 Ne8 11. Qe2 Nc7 12. Bd2 d4 13. Nb1 f5 14. a4 Bd6 15. Na3 f4 16. Nc4 fxg3+ 17. fxg3 Nb6 18. Nxd6 Qxd6 19. e5 Qe7 20. Qg4 c5 21. Bxb7 Rxf1 22. Rxf1 Rb8 23. Be4 Nbd5 24. b3 Rf8 25. Rxf8+ Qxf8 26. Kg2 Nb4 27. c3 dxc3 28. Bxc3 Nc2 29. Qe2 Nd4 30. Qb2 Nf5 31. Qf2 Nd5 32. Bxd5 exd5 33. g4 d4 34. Bd2 Ne7 35. Qxf8+ Kxf8 36. Kf3 Kf7 37. Ke4 Ke6 38. b4 cxb4 39. Bxb4 Nc6 40. Bc5 1-0